000 00625nam a2200217Ia 4500
005 20260429112100.0
008 260429s9999||||xx |||||||||||||| ||und||
020 _a9788132107507
041 _aEnglish
082 _a150.198
_bSNY
100 _aSnyder, C. R.
245 0 _aPositive psychology :
_bthe scientific and practical explorations of huma strengths /
_cC. R. Snyder
250 _a2nd ed.
260 _aNew Delhi :
_bSage,
_c2024.
300 _axxvi, 585 p.; pbk
650 _a Human strenghts
650 _aPsychology
700 _a Lopez, Shane J.
700 _a Pedrotti, Jennifer Teramoto
942 _cTB
999 _c52259
_d52259